000 00751nam a2200229Ia 4500
003 GCL
008 140319s9999 xx 000 0 ara d
040 _aGCL /
_cGCL
082 0 4 _a001.5
_bع ا
100 1 _aعواطف عبدالرحمن
245 1 0 _aاشكالية الاعلام التنموى فى الوطن العربى /
_cعواطف عبدالرحمن
260 _aالقاهرة :
_bدار الفكر العربى ،
_c1985
300 _a103 ص ؛
_c24 سم
490 _a
650 0 4 _aالعلاقات العامة
650 0 4 _aالاعلام
650 0 4 _aوسائل الاعلام
650 0 4 _aالاعلام الدولى
650 0 4 _aالراى العام
650 0 4 _aالدعاية الدولية
942 _2ddc
_cBK
999 _c33730
_d33730